000 00678nam a2200205 a 4500
001 000004984
005 20200929151541.0
008 850806s1982 nq 001 p spa
040 _aDO-SdBNP
_cDLC
_dDLC
082 _aN861.44
_bS469s
100 1 _aSelva, Salomon de la,
_d1893-1959.
_914388
245 1 3 _aEl soldado desconocido /
_cSalomon de la Selva.
260 _aManagua :
_bNueva Nicaragua,
_c1982.
300 _a157 p. ;
_c18 cm.
490 1 _aBiblioteca popular sandinista ;
_vno. 9
650 4 _aPoesía nicaraguense
_98179
650 4 _aLiteratura nicaraguense
_98180
830 0 _aBiblioteca popular sandinista ;
_vno. 9
_914389
910 _aCatalogación por copia / LC
999 _c4790
_d4790